000 00973nam a2200301 a 4500
001 000010752
003 DO-SdBPM
005 20250909111158.0
007 ta
008 091009s1981 dr a 000 p spa d
040 _aDO-SdBPM
_bspa
_cBPMSU
_drda
082 4 _aRD861.44
_bP438b 1981
_222
100 1 _aPérez Matos, Rafael
_eautor
245 1 4 _aLas baladas de un solitario /
_cRafael Pérez-Matos ; prólogo Emil Kasse Acta.
264 _aSan Pedro de Macorís :
_bUniversidad Central del Este,
_c1981.
300 _a68 páginas :
_bilustraciones ;
_c23 cm.
336 _atexto
_btxt
_2rdacontent
337 _asin mediación
_bn
_2rdamedia
338 _avolumen
_bnc
_2rdacarrier
490 0 _aLiteratura,
_v4
590 _aInventariado, 2025/VM
650 7 _aPoesía dominicana
650 7 _aLiteratura dominicana.
650 z _aDominican literature
700 1 _aKasse Acta, Emil,
_eprólogo
910 _aVMateo V. Control de calidad BPMSU
942 _2ddc
_cBK
999 _c15376
_d15376